000 00976cab a2200277 4500
001 WB2936-19
008 090401t1993 xxu||||| |||| 00| 0 eng d
035 _a(Sirsi) u37881
041 _aeng
245 _aIs it a new lease of life for flats?
260 _c1993
350 _a0
490 _aIndependent on Sunday
_v26 September 1993, 86
490 _aFinancial Times
_v25 September 1993, VIII(3)
520 _aThe Leasehold Reform, Housing and Urban Development Act will allow many leaseholders with flats to buy their homes but it is thought that most will opt for the 90 year extension to their leases.
650 _aFLATS
650 _aGROUND RENTS
650 _aLEASE EXTENSIONS
650 _aLEASEHOLD ENFRANCHISEMENT
650 _aLEASEHOLD REFORM, HOUSING AND URBAN DEVELOPMENT ACT 1993
650 _aProperty management
_96262
650 _aSERVICE CHARGES
690 _aLANDLORD AND TENANT-LEASEHOLD REFORM
942 _n0
948 _c04/03/1997
999 _c24364
_d24364